| 000 | 00758nam a2200241 a 4500 | ||
|---|---|---|---|
| 001 | 000044572 | ||
| 005 | 20240510073817.0 | ||
| 008 | 140717s1978 dr 000 0 spa d | ||
| 040 |
_aDO-SdBNP _bspa _cBNPHU |
||
| 082 |
_a100 _bA256f, 1978 |
||
| 100 | 1 |
_aAfanasiev, Víctor _9844 |
|
| 245 | 1 | 0 |
_aFundamentos de filosofía / _cV. Afanasiev. |
| 250 | _a5. ed. | ||
| 260 |
_aSanto Domingo : _bTaller, _c1978. |
||
| 300 |
_a190 p. ; _c20 cm. |
||
| 490 | 1 | _aBiblioteca taller | |
| 500 | _aIncluye referencias bibliográficas y notas al pie de las páginas. | ||
| 650 | 0 |
_aFilosofía _9813 |
|
| 650 | 4 |
_aMaterialismo dialéctico _9845 |
|
| 650 | 4 |
_aFilosofía marxista _9846 |
|
| 830 | 0 |
_aBiblioteca taller _9164 |
|
| 910 | _aValidado. Control de calidad MFF | ||
| 999 |
_c44061 _d44061 |
||